000 01521nam0a22002891 4500
001 rc\4755142
005 20260607080759.0
021 _aRU
_b[62-45599]
035 _a(NLR Aleph) 008994660
090 _a9268732
_c9268732
100 _a20130417d1962 |||y0rusy50 ca
101 0 _arus
102 _aRU
105 _aac z |||||
200 1 _aМ.В. Ломоносов в воспоминаниях и характеристиках современников
_e[Сборник]
_fСост. Г.Е. Павлова
_gАкад. наук СССР. Ин-т истории естествознания и техники
210 _aМосква
_aЛенинград
_cИзд-во Акад. наук СССР. [Ленингр. отд-ние]
_d1962
215 _a232 с., 1 л. портр.
_cил.
_d22
320 _aТруды Ломоносова в отзывах зарубежной периодич. печати: с. 151-222
702 1 _4220
_7ca
_8rus
_aПавлова
_bГ. Е.
_cканд. ист. наук
_f1925-2000
_gГалина Евгеньевна
_3RU\NLR\AUTH\770274120
_92711505
702 1 _4070
_7ca
_8rus
_aЛомоносов
_bМ. В.
_f1711-1765
_gМихаил Васильевич
_9112866
_3RU\NLR\auth\772859
712 0 2 _aИнститут истории естествознания и техники им. С. И. Вавилова
_cМосква
_9284344
_3RU\NLR\AUTH\886273
801 0 _aRU
_bNLR
_gpsbo
801 1 _aRU
_bELAR
_2rusmarc
852 _aNLR
_j62-5/3217
942 _cBOOK
980 _aNB